Quizzes
Events
Quiz Creation
Community
Videos
Private Events
Remove Ads
Sign In
Join for FREE
Feedback
Dark Mode
Quiz Categories
Sports
Geography
Music
Movies
Television
Just For Fun
Miscellaneous
History
Literature
Language
Science
Gaming
Entertainment
Religion
Holiday
For Kids
Quiz Lab
Recent
Popular Today
Quiz Kudos Today
Editor Picks
Curator Picks
Quizzes by...
Day
Popularity
Type
Ratings
Length
Year
Community
Subscriptions
Recent Discussions
Orange Saloon
Badges
Playlists
Quests
Create
Leaderboards
Showdown
Live 5
Trivia Bingo
Activity
Puzzle Library
Sporcle Events
Private Events
Virtual Trivia
Globe League
Become a Host
Pub Owners
SporcleCon
Opinionation
Our Games
Videos
Blog
Mobile Apps
Partnerships
Remove Ads and Go Orange
Feedback
Gaming
Video Games
Board Games
Card Games
Pokémon
Mario
Nintendo
Minecraft
Console
Toys
Legend of Zelda
Gaming
Video Games
Board Games
Card Games
Pokémon
Mario
Nintendo
Minecraft
Console
Toys
Legend of Zelda
Random Quiz
Search Sporcle
×
Quiz Lab
Quiz Lab
Gaming
Color
Type in answers that appear in a list
Type in answers that appear in a list
Classic
Best Score? Go Orange.
Kirby Triple Deluxe Copy Abilities Stats
Can you name the Kirby Triple Deluxe copy abilities?
By
warriorzzcharli3
10m
26 Questions
112 Plays
112 Plays
112 Plays
Comments
Comments
Give Quiz Kudos
Give Quiz Kudos
-
- Ratings
hide this ad
Replay
Link that replays current quiz
Next Quiz
Link to next quiz in quiz playlist
You Got
0%
They Got
Avg Score
77%
Avg Friend Score
Upgrade to see
Score Distribution
Jump to the score distribution portion of the page
Score
0/26
Timer
10:00
0
Plays Today
Color
Answer
% Correct
Red
Fire
96.4%
Green
Sword
93.8%
Green
Leaf
88.4%
Purple
Archer
88.4%
Blue
Ice
87.5%
Rainbow
Hypernova
87.5%
Yellow
Cutter
86.6%
Brown
Stone
84.8%
Brown
Hammer
84.8%
Blue
Beetle
84.8%
Pink
Circus
83%
Orange
Beam
77.7%
Yellow
Bell
77.7%
Color
Answer
% Correct
Blue
Spark
75.9%
Pink
Crash
73.2%
Blue
Wheel
72.3%
Purple
Bomb
71.4%
Orange
Spear
71.4%
Blue
Wing
70.5%
Purple
Ninja
70.5%
Purple
Mike
68.8%
Red
Fighter
66.1%
Purple
Sleep
66.1%
Orange
Whip
65.2%
Red
Parasol
58%
Yellow
Needle
57.1%
Quiz Playlist
Details
Report
Send in Message
Add To Playlist
Classic:
Type in answers that appear in a list
Last Updated: Apr 24, 2017
Quiz Scoreboard
CHALLENGE
Sign Up to Join the Scoreboard
Show All
Scores
Hide
Comments
May contain spoilers
Recently Published
One Thing in Common: World Cities II
by knightlancer
Geography
7m
Popular People in 1961
by mucciniale
History
6m
1-10 Letter E Words III
by El_Dandy
Language
2m
More to Explore
Quiz From the Vault
Featured Blog Post
Where Did the Easter Bunny Come From?
hide this ad
You Might Also Like...
Tags
Color Quiz
Ability
Copy
Deluxe
Kirby
triple
Today's Top Quizzes in Gaming
Browse Gaming
hide this ad
Today's Top Quizzes in Color
Browse Color
Top Contributed Quizzes in Gaming
1
Destiny 2 exotic weapons by perk icons
2
Who's on the WWE 2K24 Cover?
3
Windmill: Pokémon
4
Overwatch 2 Heroes by Selection Quote
5
Overwatch 2: Ultimate Ability Icons
6
Genshin Impact Logic Puzzle
7
Genshin murder mystery
8
Legendary or Exotic?
9
Overwatch Logic Puzzle
10
Franchise by Action Figure
Explore More
Trending Topics
Marvel
NBA
Crossword
Disney
Kpop
Anime
Harry Potter
WWE
Puzzle
Pokémon
Soccer
NFL
Country
The Office
Song
hide this ad
More By:
warriorzzcharli3
Quiz
Plays
Rating
Category
Featured
Created
Countries from Smallest to Largest
1,511
5.00
Geography
Feb 8, 2018
Super Mario Odyssey Moon Colors
1,438
4.60
Gaming
Jan 8, 2018
Dance Moms: Maddie Ziegler Solos
971
Television
Aug 21, 2021
The Office Halloween Costumes
859
5.00
Television
Jan 12, 2018
Dance Moms Dancers
602
5.00
Entertainment
Jun 4, 2020
Go to Creator's Profile
Score Distribution
Quiz Creator Spotlight
warriorzzcharli3
Follow
Send a Message
Quizzes Created
-
Created Quiz Play Count
-
More By This Creator
Popular Quizzes Today
1
Find the US States - No Outlines Minefield
2
The Countries of the World
3
Find the Countries of Europe - No Outlines Minefield
4
Popular People in 1961
5
1-10 Letter E Words III
6
Find the US States
7
One Thing in Common: World Cities II
8
US States
More Gaming Quizzes
Mastermind XVII
Published
Trending Quizzes
Risky Map Clicking: Least Populous States A-Z
1-10 Letter F Words
1-10 Letter G Words
One Thing in Common: United Kingdom
Risky Map Clicking: Next State Alphabetically
Recently Updated
Leaping Animals
pecheneg
Reality TV Shows (A-Z)
bhenderson79
Rickey Henderson's Hall of Fame Teammates
pecheneg
Champions League XIs: Arsenal
pecheneg
Quick Pick: Celebrities in WWE's Hall of Fame
aduchscher
A-Z Keypad Blitz II
pecheneg
Multiple Oscar Actors
pecheneg
Mystery Phrase Blitz: Oscar 'Best Actors'
pecheneg
F. Scott Fitzgerald Novels
LTH
Pick 3 Villains
ddd62291
Trending Topics
Marvel
Disney
NBA
Anime
Kpop
Harry Potter
Crossword
NFL
Puzzle
The Office
Pokémon
Song
Country
WWE
Soccer
Your Account Isn't Verified!
In order to create a playlist on Sporcle, you need to verify the email address you used during registration. Go to your
Sporcle Settings
to finish the process.
Report this User
Report this user for behavior that violates our
Community Guidelines
.
Details:
Send Report
Go to the Sporcle.com Mobile Site →
Comments